[Event "Lazy Baltic Pearl op-A 17th"]
[Site "Lazy"]
[Date "2021.06.29"]
[Round "3"]
[White "Rogala, Milosz"]
[Black "Kowalec, Maciej"]
[Result "0-1"]
[WhiteElo "1838"]
[BlackElo "2128"]
[PlyCount "92"]
[EventDate "2021.06.27"]
[EventType "swiss"]
[EventRounds "9"]
[EventCountry "POL"]
[SourceTitle "EXT 2022"]
[Source "ChessBase"]
[SourceDate "2021.10.06"]
[SourceVersion "1"]
[SourceVersionDate "2021.10.06"]
[SourceQuality "1"]

1. e4 e6 2. d4 d5 3. Nc3 Bb4 4. e5 c5 5. a3 Ba5 6. b4 cxd4 7. Nb5 Bc7 8. f4 Ne7 9. Qg4 Nf5 10. Nf3 h5 11. Qg5 a6 12. Qxd8+ Bxd8 13. Nbxd4 Nxd4 14. Nxd4 Bd7 15. Bb2 Bb6 16. 0-0-0 Nc6 17. c4 Nxd4 18. Bxd4 Bxd4 19. Rxd4 Rc8 20. Kb2 dxc4 21. Bxc4 Bc6 22. Rhd1 Bxg2 23. Rg1 Bh3 24. Rxg7 Bg4 25. Bd3 Kf8 26. Rh7 Rxh7 27. Bxh7 Bf3 28. Bd3 Ke7 29. Rc4 Bc6 30. Rc2 Kd7 31. h4 Rg8 32. Be2 Be4 33. Rd2+ Ke7 34. Rd4 Bd5 35. Bxh5 Rh8 36. Bd1 Rxh4 37. Bc2 Rh3 38. f5 Re3 39. f6+ Kd7 40. Rg4 Rxe5 41. Rg7 Re2 42. Rxf7+ Ke8 43. Re7+ Kf8 44. Kc3 Rf2 45. Rh7 Rxc2+ 46. Kd4 Rf2 0-1

[Event "POL-chT 2nd League"]
[Site "Poronin"]
[Date "2020.09.08"]
[Round "4.4"]
[White "Rogala, Milosz"]
[Black "Dziendziel, Mateusz"]
[Result "1/2-1/2"]
[WhiteElo "1825"]
[BlackElo "1949"]
[PlyCount "54"]
[EventDate "2020.09.05"]
[EventType "team-swiss"]
[EventRounds "9"]
[EventCountry "POL"]
[SourceTitle "CBM 198 Extra"]
[Source "ChessBase"]
[SourceDate "2020.11.30"]
[SourceVersion "1"]
[SourceVersionDate "2020.11.30"]
[SourceQuality "1"]
[WhiteTeam "Grzybowo GKSz Solny"]
[BlackTeam "Jastrzebie Zdroj Pionier"]
[WhiteTeamCountry "POL"]
[BlackTeamCountry "POL"]

1. e4 c5 2. Nc3 d6 3. g3 Nc6 4. Bg2 g6 5. d3 Bg7 6. Nge2 e6 7. Be3 Nd4 8. 0-0 Ne7 9. f4 f5 10. Bf2 Nec6 11. Rb1 0-0 12. Nxd4 Nxd4 13. Ne2 Rb8 14. c3 Nxe2+ 15. Qxe2 b6 16. exf5 exf5 17. d4 Re8 18. Qc4+ Be6 19. Bd5 Qd7 20. Rfe1 Bf7 21. Rbd1 Rxe1+ 22. Rxe1 Kf8 23. dxc5 dxc5 24. Bxf7 Qxf7 25. Qd3 Re8 26. Qd6+ Kg8 27. Rxe8+ Qxe8 1/2-1/2

[Event "POL-ch U18"]
[Site "Szklarska Poreba"]
[Date "2020.03.13"]
[Round "8"]
[White "Kulesza, Andrzej"]
[Black "Rogala, Milosz"]
[Result "1-0"]
[WhiteElo "1928"]
[BlackElo "1843"]
[PlyCount "109"]
[EventDate "2020.03.07"]
[EventType "swiss"]
[EventRounds "8"]
[EventCountry "POL"]
[SourceTitle "CBM 195 Extra"]
[Source "ChessBase"]
[SourceDate "2020.05.31"]
[SourceVersion "1"]
[SourceVersionDate "2020.05.31"]
[SourceQuality "1"]

1. e4 d5 2. exd5 Nf6 3. Bb5+ Bd7 4. Be2 Nxd5 5. d4 g6 6. c4 Nb6 7. Be3 Bg7 8. Nf3 0-0 9. h3 Bf5 10. Nc3 Nc6 11. 0-0 e5 12. d5 Ne7 13. Qd2 Bc8 14. Rfd1 Nf5 15. Bc5 Re8 16. Ne4 Nd7 17. Be3 b6 18. b4 Nf8 19. c5 Nxe3 20. fxe3 f5 21. Nc3 bxc5 22. bxc5 Qe7 23. Rac1 Bh6 24. d6 cxd6 25. cxd6 Qd8 26. Bc4+ Kh8 27. Bf7 Be6 28. Bxe8 Qxe8 29. Kh1 Nd7 30. Nb5 Rb8 31. Nxa7 Ra8 32. Rc7 Bf8 33. Rdc1 Qb8 34. Qa5 Qb2 35. Qa6 Qf2 36. Qc6 Rd8 37. Ng5 Bg8 38. Nf3 Nf6 39. Qc2 Qxe3 40. Re1 Qf4 41. d7 e4 42. Qc1 Qg3 43. Nd2 Bd6 44. Nf1 Qh4 45. Rc6 Be5 46. Rd1 Ng4 47. Qc5 Bg7 48. Kg1 Ne5 49. Rcd6 Nd3 50. R1xd3 exd3 51. Nc6 Qf4 52. Nxd8 Be5 53. Nf7+ Bxf7 54. d8Q+ Kg7 55. Rxd3 1-0

[Event "POL-ch U18"]
[Site "Szklarska Poreba"]
[Date "2020.03.13"]
[Round "7"]
[White "Rogala, Milosz"]
[Black "Zerebiec, Maurycy"]
[Result "1/2-1/2"]
[WhiteElo "1843"]
[BlackElo "1982"]
[PlyCount "107"]
[EventDate "2020.03.07"]
[EventType "swiss"]
[EventRounds "8"]
[EventCountry "POL"]
[SourceTitle "CBM 195 Extra"]
[Source "ChessBase"]
[SourceDate "2020.05.31"]
[SourceVersion "1"]
[SourceVersionDate "2020.05.31"]
[SourceQuality "1"]

1. e4 e6 2. Nf3 d5 3. exd5 exd5 4. d4 Bd6 5. Bd3 Ne7 6. Bg5 f6 7. Bh4 0-0 8. 0-0 Bf5 9. Bg3 c6 10. c3 Re8 11. Qc2 Bxd3 12. Qxd3 Na6 13. Nbd2 Ng6 14. Qf5 Nc7 15. Rfe1 Bxg3 16. hxg3 Qd6 17. Nf1 Re6 18. Rxe6 Qxe6 19. Qxe6+ Nxe6 20. Re1 Kf7 21. Ne3 Ne7 22. Kf1 Re8 23. Ke2 Nc8 24. Kd3 Nd6 25. Nd2 g5 26. b4 Kg6 27. Rb1 Nc7 28. a4 Ne4 29. Nxe4 dxe4+ 30. Kd2 a6 31. g4 Rh8 32. Rh1 h5 33. Rxh5 Rxh5 34. gxh5+ Kxh5 35. Nf5 Kg4 36. Nh6+ Kf4 37. Ke2 g4 38. g3+ Kg5 39. Nf7+ Kg6 40. Nd6 f5 41. Nxb7 Nd5 42. Kd2 f4 43. gxf4 Kf5 44. Na5 Kxf4 45. Nxc6 e3+ 46. fxe3+ Nxe3 47. Ne5 g3 48. Ke2 Nd5 49. b5 Nxc3+ 50. Kf1 axb5 51. axb5 Nxb5 52. Kg2 Nxd4 53. Ng6+ Kg5 54. Kxg3 1/2-1/2

[Event "POL-ch U18"]
[Site "Szklarska Poreba"]
[Date "2020.03.12"]
[Round "6"]
[White "Ossolinski, Ziemowit"]
[Black "Rogala, Milosz"]
[Result "1-0"]
[WhiteElo "1880"]
[BlackElo "1843"]
[PlyCount "89"]
[EventDate "2020.03.07"]
[EventType "swiss"]
[EventRounds "8"]
[EventCountry "POL"]
[SourceTitle "CBM 195 Extra"]
[Source "ChessBase"]
[SourceDate "2020.05.31"]
[SourceVersion "1"]
[SourceVersionDate "2020.05.31"]
[SourceQuality "1"]

1. e4 c6 2. d4 d5 3. e5 Bf5 4. h4 h5 5. Bd3 Bxd3 6. Qxd3 e6 7. Bg5 Qb6 8. Nd2 Ne7 9. Ngf3 Nd7 10. 0-0 Nf5 11. c4 Be7 12. c5 Qc7 13. g3 Rg8 14. Rfe1 Nf8 15. Bxe7 Kxe7 16. Nf1 Ng6 17. Ng5 Ke8 18. Ne3 Nge7 19. Ng2 Rh8 20. Nf4 g6 21. a4 Qd7 22. b4 Kf8 23. Reb1 Kg7 24. Rb2 Rhb8 25. Rab1 Qc8 26. Kg2 b5 27. a5 Qd7 28. Rh1 Rh8 29. Rh3 Nh6 30. f3 Nef5 31. Rb1 a6 32. Kf2 Ne7 33. Rg1 Nhf5 34. Rgh1 Nh6 35. Qd1 Rag8 36. g4 hxg4 37. fxg4 Kf8 38. h5 gxh5 39. Rxh5 Rg7 40. Ngxe6+ fxe6 41. Rxh6 Rxh6 42. Rxh6 Rf7 43. Kg3 Kg7 44. Nxe6+ Kg8 45. Qh1 1-0

[Event "POL-chT 1st League"]
[Site "Dzwirzyno"]
[Date "2019.09.13"]
[Round "7.5"]
[White "Rogala, Milosz"]
[Black "Dzierzak, Radoslaw"]
[Result "0-1"]
[WhiteElo "1788"]
[BlackElo "2253"]
[PlyCount "80"]
[EventDate "2019.09.07"]
[EventType "team-tourn"]
[EventRounds "9"]
[EventCountry "POL"]
[SourceTitle "EXT 2020"]
[Source "ChessBase"]
[SourceDate "2019.10.17"]
[SourceVersion "1"]
[SourceVersionDate "2019.10.17"]
[SourceQuality "1"]
[WhiteTeam "Grzybowo GKSz Solny"]
[BlackTeam "Podlesie UKS 21"]
[WhiteTeamCountry "POL"]
[BlackTeamCountry "POL"]

1. e4 d6 2. d4 Nf6 3. Nc3 g6 4. Bg5 Bg7 5. Qd2 c6 6. 0-0-0 b5 7. Bd3 Nbd7 8. f3 Qa5 9. Kb1 b4 10. Nce2 c5 11. Bh6 Bxh6 12. Qxh6 Qc7 13. dxc5 Qxc5 14. Nh3 Ne5 15. Ng5 Bd7 16. Nc1 a5 17. Rhe1 a4 18. f4 Neg4 19. Qg7 Rf8 20. e5 dxe5 21. fxe5 Nxe5 22. Rxe5 Qxe5 23. Nxh7 0-0-0 24. Nxf8 a3 25. Ba6+ Kc7 26. Nd3 Bf5 27. Rc1 Rxd3 28. cxd3+ Kb6 29. Nd7+ Bxd7 30. Rc2 Kxa6 31. Qh8 Kb7 32. Qh4 Ng4 33. h3 g5 34. Qh5 Qe1+ 35. Rc1 Qd2 36. Rc2 Qd1+ 37. Rc1 Qxd3+ 38. Ka1 axb2+ 39. Kxb2 Qa3+ 40. Kb1 Bf5+ 0-1

[Event "Lazy Baltic Pearl op 15th"]
[Site "Lazy"]
[Date "2019.07.01"]
[Round "8"]
[White "Rogala, Milosz"]
[Black "Majocha, Piotr"]
[Result "1/2-1/2"]
[WhiteElo "1791"]
[BlackElo "2005"]
[PlyCount "123"]
[EventDate "2019.06.23"]
[EventType "swiss"]
[EventRounds "9"]
[EventCountry "POL"]
[SourceTitle "CBM 191 Extra"]
[Source "ChessBase"]
[SourceDate "2019.09.30"]
[SourceVersion "1"]
[SourceVersionDate "2019.09.30"]
[SourceQuality "1"]

1. e4 e6 2. d4 d5 3. Nd2 Nf6 4. e5 Nfd7 5. Bd3 c5 6. c3 Nc6 7. Ne2 Qb6 8. Nf3 cxd4 9. cxd4 f6 10. exf6 Nxf6 11. 0-0 Bd6 12. Bf4 Bxf4 13. Nxf4 0-0 14. Re1 Qxb2 15. Nxe6 Bxe6 16. Rxe6 Rae8 17. Rxe8 Rxe8 18. Rb1 Qxa2 19. Rxb7 Ne4 20. Qc2 Qxc2 21. Bxc2 Ng5 22. Ba4 Nxf3+ 23. gxf3 Re1+ 24. Kg2 Nxd4 25. Rxa7 Ne2 26. f4 Nxf4+ 27. Kf3 Ng6 28. Bb3 Re5 29. Rd7 Rf5+ 30. Kg4 Rxf2 31. Kg3 Rf3+ 32. Kxf3 Ne5+ 33. Kf4 Nxd7 34. Bxd5+ Kf8 35. Be4 Nf6 36. Bd3 g6 37. Kg3 Kg7 38. Bc2 h6 39. Bd3 Nd5 40. Be4 Ne7 41. Bb1 Kf6 42. h3 Nf5+ 43. Kh2 Kg5 44. Ba2 Kf4 45. Bd5 h5 46. Bc6 h4 47. Kg2 Ke3 48. Be8 g5 49. Bh5 Ng3 50. Bf3 Ne2 51. Bg4 Nf4+ 52. Kg1 Nd3 53. Kg2 Ne5 54. Bh5 Nc4 55. Bf3 Nd2 56. Bh5 Ne4 57. Bg4 Nf2 58. Bh5 Nd3 59. Bg4 Ke4 60. Bc8 Kf4 61. Bd7 Ke3 62. Bg4 1/2-1/2

[Event "Lazy Baltic Pearl op 15th"]
[Site "Lazy"]
[Date "2019.06.29"]
[Round "7"]
[White "Smietanska, Wiktoria"]
[Black "Rogala, Milosz"]
[Result "0-1"]
[WhiteElo "1595"]
[BlackElo "1791"]
[PlyCount "74"]
[EventDate "2019.06.23"]
[EventType "swiss"]
[EventRounds "9"]
[EventCountry "POL"]
[SourceTitle "CBM 191 Extra"]
[Source "ChessBase"]
[SourceDate "2019.09.30"]
[SourceVersion "1"]
[SourceVersionDate "2019.09.30"]
[SourceQuality "1"]

1. c4 c6 2. Nf3 d5 3. e3 Nf6 4. Nc3 a6 5. b3 Bg4 6. Be2 e6 7. d4 Bd6 8. 0-0 Nbd7 9. h3 Bxf3 10. Bxf3 Qc7 11. Bb2 Be7 12. Rc1 Qd6 13. Ne2 0-0-0 14. cxd5 exd5 15. a3 h5 16. b4 Rdg8 17. Nc3 g5 18. Be2 Bd8 19. Rc2 Bc7 20. f4 Rg7 21. Bd3 h4 22. Rff2 gxf4 23. exf4 Nh5 24. Ne2 Qe6 25. Kh1 Rhg8 26. a4 Qe3 27. Rf3 Qe6 28. Rf2 f5 29. Bc1 Ndf6 30. b5 axb5 31. axb5 cxb5 32. Bxb5 Ne4 33. Rf3 Rxg2 34. Qe1 Qg6 35. Qf1 Rxe2 36. Bxe2 Nhg3+ 37. Rxg3 Nxg3+ 0-1

[Event "Krakow op-B 29th"]
[Site "Krakow"]
[Date "2018.12.30"]
[Round "5"]
[White "Dzida, Kamil"]
[Black "Rogala, Milosz"]
[Result "1-0"]
[WhiteElo "1951"]
[BlackElo "1738"]
[PlyCount "91"]
[EventDate "2018.12.27"]
[EventType "swiss"]
[EventRounds "9"]
[EventCountry "POL"]
[SourceTitle "CBM 189 Extra"]
[Source "ChessBase"]
[SourceDate "2019.05.31"]
[SourceVersion "1"]
[SourceVersionDate "2019.05.31"]
[SourceQuality "1"]

1. e4 e5 2. Nf3 Nc6 3. Bb5 a6 4. Ba4 Nf6 5. 0-0 Be7 6. Re1 b5 7. Bb3 0-0 8. h3 d6 9. c3 Na5 10. Bc2 c5 11. d4 Qc7 12. Nbd2 Rd8 13. Nf1 Nc4 14. a4 Bb7 15. d5 Nb6 16. a5 Nbd7 17. b3 Bf8 18. g4 g6 19. Ng3 Ne8 20. Be3 Bc8 21. Qd2 Ng7 22. Kh2 Nf6 23. Rg1 Be7 24. Bh6 Qd7 25. Kh1 Bf8 26. Rg2 Ra7 27. b4 c4 28. Re1 Nfe8 29. Bd1 f6 30. Be3 Rb7 31. Nh2 g5 32. h4 h6 33. Nf5 Nxf5 34. gxf5 Bg7 35. Bh5 Qe7 36. Ng4 Qf8 37. Rh2 Rdd7 38. Bg6 Re7 39. Kg2 Bd7 40. Reh1 Nc7 41. hxg5 hxg5 42. Qe2 Be8 43. Bh7+ Kf7 44. Nh6+ Bxh6 45. Qh5+ Kg7 46. Qxh6+ 1-0

[Event "Krakow op-B 29th"]
[Site "Krakow"]
[Date "2018.12.29"]
[Round "3"]
[White "Koziorowicz, Michal"]
[Black "Rogala, Milosz"]
[Result "1/2-1/2"]
[WhiteElo "1872"]
[BlackElo "1738"]
[PlyCount "77"]
[EventDate "2018.12.27"]
[EventType "swiss"]
[EventRounds "9"]
[EventCountry "POL"]
[SourceTitle "CBM 189 Extra"]
[Source "ChessBase"]
[SourceDate "2019.05.31"]
[SourceVersion "1"]
[SourceVersionDate "2019.05.31"]
[SourceQuality "1"]

1. e4 c6 2. d4 d5 3. Nc3 dxe4 4. Nxe4 Nd7 5. Nf3 Ngf6 6. Ng3 e6 7. Bc4 Be7 8. 0-0 0-0 9. Qe2 b6 10. Bf4 Bb7 11. Ne5 Nd5 12. Bxd5 cxd5 13. Rfe1 Nxe5 14. Bxe5 g6 15. c3 Bf6 16. Qg4 Kh8 17. Re3 Bxe5 18. dxe5 f5 19. exf6 Qxf6 20. Qd4 Rae8 21. Rae1 Kg8 22. Qxf6 Rxf6 23. Ne2 e5 24. f4 e4 25. g3 Rc8 26. Nd4 b5 27. b4 a6 28. Nb3 Bc6 29. Rd1 Kf7 30. Rd2 Rg8 31. Nd4 Bb7 32. Rf2 Bc8 33. Kg2 g5 34. fxg5 Rxf2+ 35. Kxf2 Rxg5 36. Re2 Rg6 37. Ke3 Rf6 38. Rf2 Rxf2 39. Kxf2 1/2-1/2

[Event "Krakow op-B 29th"]
[Site "Krakow"]
[Date "2018.12.27"]
[Round "1"]
[White "Rogala, Milosz"]
[Black "Grishchenko, Mihail"]
[Result "1/2-1/2"]
[WhiteElo "1738"]
[BlackElo "1936"]
[PlyCount "65"]
[EventDate "2018.12.27"]
[EventType "swiss"]
[EventRounds "9"]
[EventCountry "POL"]
[SourceTitle "CBM 189 Extra"]
[Source "ChessBase"]
[SourceDate "2019.05.31"]
[SourceVersion "1"]
[SourceVersionDate "2019.05.31"]
[SourceQuality "1"]

1. e4 e6 2. d4 d5 3. Nd2 Nf6 4. e5 Nfd7 5. Bd3 c5 6. c3 Nc6 7. Ne2 Be7 8. 0-0 Qb6 9. Nf3 f6 10. exf6 Nxf6 11. dxc5 Bxc5 12. b4 Bd6 13. Bg5 Bd7 14. Ned4 Ne5 15. Nxe5 Bxe5 16. Bxf6 Bxf6 17. Qh5+ Kd8 18. Ne2 Rc8 19. Rac1 e5 20. Rfd1 Rc7 21. Bc2 Be6 22. Bb3 Rd7 23. a3 Ke7 24. c4 g6 25. Qh6 d4 26. c5 Qa6 27. Bxe6 Qxe6 28. Ng3 Qf7 29. Ne4 Qg7 30. Qxg7+ Bxg7 31. Rd3 Rc8 32. f3 Bh6 33. Rc2 1/2-1/2

[Event "Lazy Baltic Pearl op 14th"]
[Site "Lazy"]
[Date "2018.06.29"]
[Round "6"]
[White "Majocha, Piotr"]
[Black "Rogala, Milosz"]
[Result "1/2-1/2"]
[WhiteElo "1902"]
[BlackElo "1707"]
[PlyCount "64"]
[EventDate "2018.06.24"]
[EventType "swiss"]
[EventRounds "9"]
[EventCountry "POL"]
[SourceTitle "CBM 185 Extra"]
[Source "ChessBase"]
[SourceDate "2018.07.29"]
[SourceVersion "1"]
[SourceVersionDate "2018.07.29"]
[SourceQuality "1"]

1. Nf3 d5 2. d4 Nf6 3. g3 c6 4. Bg2 Bf5 5. 0-0 e6 6. c4 Be7 7. Nbd2 0-0 8. b3 Nbd7 9. Bb2 h6 10. Ne5 Qc7 11. Ndf3 Nxe5 12. Nxe5 Nd7 13. Nxd7 Qxd7 14. e3 Rfe8 15. Qe2 Bf6 16. Rfd1 Rad8 17. Rac1 a6 18. Bf3 Qe7 19. cxd5 cxd5 20. Qd2 Rc8 21. Be2 Qd7 22. Ba3 Rxc1 23. Rxc1 Rc8 24. Rxc8+ Qxc8 25. Bd3 Bxd3 26. Qxd3 Qd7 27. Qc2 Bd8 28. Qc5 Bf6 29. Qf8+ Kh7 30. Kg2 Qc7 31. Qc5 Qxc5 32. Bxc5 Bd8 1/2-1/2

[Event "Krakow op-B 28th"]
[Site "Krakow"]
[Date "2017.12.31"]
[Round "6"]
[White "Rogala, Milosz"]
[Black "Mike, Patryk"]
[Result "0-1"]
[WhiteElo "1720"]
[BlackElo "1964"]
[PlyCount "88"]
[EventDate "2017.12.27"]
[EventType "swiss"]
[EventRounds "9"]
[EventCountry "POL"]
[SourceTitle "CBM 182 Extra"]
[Source "ChessBase"]
[SourceDate "2018.02.23"]
[SourceVersion "1"]
[SourceVersionDate "2018.02.23"]
[SourceQuality "1"]

1. e4 c5 2. Nf3 e6 3. d4 cxd4 4. Nxd4 Nc6 5. Be3 a6 6. Bd3 Nf6 7. c4 Bb4+ 8. Nd2 0-0 9. 0-0 Qc7 10. a3 Be7 11. Nxc6 bxc6 12. f4 e5 13. fxe5 Qxe5 14. Nf3 Qh5 15. h3 d6 16. Nh2 Qxd1 17. Raxd1 Be6 18. Nf3 Nd7 19. Nd4 Ne5 20. Nxe6 fxe6 21. Bf4 Bf6 22. Bxe5 Bxe5 23. b3 Bb2 24. a4 c5 25. Rf3 Rxf3 26. gxf3 Rf8 27. Kf2 a5 28. Bf1 Bd4+ 29. Kg3 Be5+ 30. Kf2 Kf7 31. Rd3 Kg6 32. Bg2 Kg5 33. Bf1 Kf4 34. Kg2 Rf6 35. Kh2 Rg6 36. Bg2 Rg3 37. Kh1 g5 38. Kh2 h5 39. Kg1 g4 40. hxg4 hxg4 41. Kh2 gxf3 42. Bh3 Kxe4 43. Rd1 Rg6+ 44. Kh1 Rh6 0-1

[Event "Baltic Cup-B 1st"]
[Site "Darlowo"]
[Date "2017.06.25"]
[Round "1"]
[White "Rogala, Milosz"]
[Black "Frej, Zofia"]
[Result "0-1"]
[WhiteElo "1683"]
[BlackElo "1927"]
[PlyCount "76"]
[EventDate "2017.06.25"]
[EventType "swiss"]
[EventRounds "9"]
[EventCountry "POL"]
[SourceTitle "EXT 2019"]
[Source "ChessBase"]
[SourceDate "2018.10.10"]
[SourceVersion "1"]
[SourceVersionDate "2018.10.10"]
[SourceQuality "1"]

1. e4 c5 2. Nf3 e6 3. d4 cxd4 4. Nxd4 a6 5. Nc3 Qc7 6. Be3 b5 7. Qd2 Bb7 8. f3 Nf6 9. 0-0-0 Bb4 10. Kb1 Bxc3 11. Qxc3 Qxc3 12. bxc3 d5 13. exd5 Nxd5 14. Bd2 0-0 15. c4 bxc4 16. Bxc4 Nd7 17. Nb3 N7b6 18. Bd3 Na4 19. Rc1 Ndc3+ 20. Bxc3 Nxc3+ 21. Kb2 Rfc8 22. Rhe1 a5 23. Re3 a4 24. Nd2 Nd5 25. Ree1 Ba6 26. Bxa6 Rxa6 27. Ne4 a3+ 28. Ka1 Nb4 29. Re2 h6 30. Rd2 Rac6 31. Kb1 Rb8 32. Ka1 f5 33. Nf2 Rbc8 34. Kb1 Nd5 35. Nd3 Nc3+ 36. Ka1 Rb6 37. Rf2 Rcb8 38. Rff1 Rb2 0-1

[Event "Dzwirzyno Gminy Cup"]
[Site "Dzwirzyno"]
[Date "2016.??.??"]
[Round "4"]
[White "Bochniak, Jakub"]
[Black "Rogala, Milosz"]
[Result "0-1"]
[WhiteElo "1358"]
[BlackElo "1641"]
[PlyCount "86"]
[EventDate "2016.09.30"]
[EventType "swiss"]
[EventRounds "9"]
[EventCountry "POL"]
[SourceTitle "EXT 2018"]
[Source "ChessBase"]
[SourceDate "2017.10.13"]
[SourceVersion "1"]
[SourceVersionDate "2017.10.13"]
[SourceQuality "1"]

1. e4 c6 2. Nf3 d5 3. exd5 cxd5 4. Bb5+ Bd7 5. Bxd7+ Nxd7 6. d4 Ngf6 7. Nc3 e6 8. Bg5 Bb4 9. Qd3 Qc7 10. Bd2 Bxc3 11. Qxc3 Qxc3 12. Bxc3 Rc8 13. Nd2 Nb6 14. a4 Nc4 15. Nxc4 Rxc4 16. f3 Kd7 17. Kd2 Rhc8 18. g4 h5 19. g5 Ne8 20. Kd3 Nd6 21. Rhg1 Nf5 22. g6 f6 23. f4 b6 24. a5 b5 25. Rac1 b4 26. Bd2 Rxd4+ 27. Ke2 Rdc4 28. Kd3 e5 29. fxe5 fxe5 30. Rg5 Ke6 31. c3 bxc3 32. Rxc3 e4+ 33. Ke2 Rxc3 34. bxc3 h4 35. Be1 Rb8 36. h3 Rb2+ 37. Bd2 e3 38. Rxf5 Kxf5 39. Kxe3 Rb5 40. Kd3 Rxa5 41. c4 Ra3+ 42. Bc3 dxc4+ 43. Kxc4 Kxg6 0-1

[Event "Dzwirzyno Gminy Cup"]
[Site "Dzwirzyno"]
[Date "2016.??.??"]
[Round "5"]
[White "Rogala, Milosz"]
[Black "Pawletko, Szymon"]
[Result "0-1"]
[WhiteElo "1641"]
[BlackElo "1810"]
[PlyCount "52"]
[EventDate "2016.09.30"]
[EventType "swiss"]
[EventRounds "9"]
[EventCountry "POL"]
[SourceTitle "EXT 2018"]
[Source "ChessBase"]
[SourceDate "2017.10.13"]
[SourceVersion "1"]
[SourceVersionDate "2017.10.13"]
[SourceQuality "1"]

1. e4 c5 2. Nf3 d6 3. d4 cxd4 4. Nxd4 Nf6 5. Nc3 g6 6. Be3 Bg7 7. f3 0-0 8. Qd2 Nc6 9. 0-0-0 d5 10. exd5 Nxd5 11. Nxd5 Qxd5 12. Nb3 Qe5 13. c3 Rd8 14. Qf2 Bf5 15. Re1 Rac8 16. Bd4 Bh6+ 17. Kd1 Qd5 18. f4 e5 19. fxe5 a5 20. Qf3 a4 21. Qxd5 Rxd5 22. Na1 Nxd4 23. cxd4 Rxd4+ 24. Ke2 Re4+ 25. Kf2 Rxe1 26. Kxe1 Rc1+ 0-1

[Event "POL-chT U19 1st League"]
[Site "Ustron"]
[Date "2015.08.02"]
[Round "9.10"]
[White "Gorkiewicz, Mateusz"]
[Black "Rogala, Milosz"]
[Result "1/2-1/2"]
[WhiteElo "1353"]
[BlackElo "1356"]
[PlyCount "108"]
[EventDate "2015.07.25"]
[EventType "team-tourn"]
[EventRounds "9"]
[EventCountry "POL"]
[SourceTitle "EXT 2018"]
[Source "ChessBase"]
[SourceDate "2017.10.13"]
[SourceVersion "1"]
[SourceVersionDate "2017.10.13"]
[SourceQuality "1"]
[WhiteTeam "Zary ZKSz U19"]
[BlackTeam "Grzybowo GKSz Solny U19"]
[WhiteTeamCountry "POL"]
[BlackTeamCountry "POL"]

1. e4 c6 2. d4 d5 3. e5 Bf5 4. Nf3 e6 5. Be2 c5 6. c3 Nd7 7. 0-0 Ne7 8. h3 Nc6 9. Re1 Be7 10. a3 a5 11. Nbd2 0-0 12. Nf1 c4 13. Ng3 Bg6 14. Qd2 b5 15. b3 Qb6 16. Qb2 Rfb8 17. Rf1 h6 18. Bd1 Qa6 19. Bc2 Bxc2 20. Qxc2 Nb6 21. Nd2 cxb3 22. Qxb3 Nc4 23. Nxc4 bxc4 24. Qd1 Rb3 25. Qg4 Kh7 26. Nh5 Rg8 27. Qf4 Bg5 28. Qxf7 Nd8 29. Qf3 Bxc1 30. Rfxc1 a4 31. Re1 Qb7 32. Qg3 Qf7 33. Nf4 Nc6 34. Re3 Na7 35. Ne2 Qg6 36. Qxg6+ Kxg6 37. Nc1 Rb2 38. Na2 Rb3 39. Nb4 Nb5 40. Na6 Rxc3 41. Rxc3 Nxc3 42. Nc5 Re8 43. Kf1 Nb5 44. Nxa4 Nxd4 45. Nc3 Nb3 46. Rd1 Kf5 47. Re1 d4 48. Nb5 Ra8 49. Nd6+ Kg6 50. Nxc4 Na5 51. Nd6 Nc6 52. Nb5 Kf7 53. f4 Rb8 54. Nd6+ Kf8 1/2-1/2

[Event "POL-chT U19 1st League"]
[Site "Ustron"]
[Date "2015.07.31"]
[Round "7.16"]
[White "Luczak, Filip"]
[Black "Rogala, Milosz"]
[Result "1-0"]
[WhiteElo "1629"]
[BlackElo "1356"]
[PlyCount "51"]
[EventDate "2015.07.25"]
[EventType "team-tourn"]
[EventRounds "9"]
[EventCountry "POL"]
[SourceTitle "EXT 2018"]
[Source "ChessBase"]
[SourceDate "2017.10.13"]
[SourceVersion "1"]
[SourceVersionDate "2017.10.13"]
[SourceQuality "1"]
[WhiteTeam "Koszalin Hetman Politechnika U19"]
[BlackTeam "Grzybowo GKSz Solny U19"]
[WhiteTeamCountry "POL"]
[BlackTeamCountry "POL"]

1. e4 c6 2. d4 d5 3. f3 e6 4. Nc3 Nf6 5. e5 Nfd7 6. f4 b6 7. Nf3 Be7 8. Bd3 Ba6 9. Be3 c5 10. 0-0 Bxd3 11. cxd3 cxd4 12. Nxd4 Bc5 13. Qf3 0-0 14. Nde2 Bxe3+ 15. Qxe3 Qc7 16. d4 Qb7 17. f5 Nc6 18. fxe6 fxe6 19. Nf4 Nd8 20. Qh3 Re8 21. Nb5 Re7 22. Nd6 Qa6 23. Qh4 Nc6 24. Rac1 Ndb8 25. Ng6 hxg6 26. Rf8+ 1-0

[Event "POL-chT U19 1st League"]
[Site "Ustron"]
[Date "2015.07.29"]
[Round "5.22"]
[White "Lyszczarz, Konrad"]
[Black "Rogala, Milosz"]
[Result "1-0"]
[WhiteElo "1329"]
[BlackElo "1356"]
[PlyCount "51"]
[EventDate "2015.07.25"]
[EventType "team-tourn"]
[EventRounds "9"]
[EventCountry "POL"]
[SourceTitle "EXT 2018"]
[Source "ChessBase"]
[SourceDate "2017.10.13"]
[SourceVersion "1"]
[SourceVersionDate "2017.10.13"]
[SourceQuality "1"]
[WhiteTeam "Chrzanow UKS SP 8 U19"]
[BlackTeam "Grzybowo GKSz Solny U19"]
[WhiteTeamCountry "POL"]
[BlackTeamCountry "POL"]

1. e4 c6 2. d4 d5 3. Nc3 dxe4 4. Nxe4 Nd7 5. Nf3 Ngf6 6. Nxf6+ Nxf6 7. h3 e6 8. a3 c5 9. Bd3 Be7 10. 0-0 0-0 11. Re1 Bd7 12. c4 Bc6 13. Be3 Bxf3 14. gxf3 cxd4 15. Bxd4 Kh8 16. Bc3 Rc8 17. b4 h6 18. Qd2 Qd7 19. Qe3 Rfd8 20. Rad1 b6 21. Kh1 Qc6 22. Rg1 Rg8 23. Rg2 Bf8 24. Rdg1 g6 25. Bxf6+ Kh7 26. h4 1-0

[Event "POL-chT U19 1st League"]
[Site "Ustron"]
[Date "2015.07.28"]
[Round "4.10"]
[White "Rogala, Milosz"]
[Black "Gawor, Jan Pawel"]
[Result "1/2-1/2"]
[WhiteElo "1356"]
[BlackElo "1519"]
[PlyCount "85"]
[EventDate "2015.07.25"]
[EventType "team-tourn"]
[EventRounds "9"]
[EventCountry "POL"]
[SourceTitle "EXT 2018"]
[Source "ChessBase"]
[SourceDate "2017.10.13"]
[SourceVersion "1"]
[SourceVersionDate "2017.10.13"]
[SourceQuality "1"]
[WhiteTeam "Grzybowo GKSz Solny U19"]
[BlackTeam "Wieliczka MKS MOS U19 II"]
[WhiteTeamCountry "POL"]
[BlackTeamCountry "POL"]

1. e4 c5 2. Nf3 Nc6 3. d4 cxd4 4. Nxd4 Nf6 5. Nc3 e5 6. Ndb5 d6 7. Nd5 Nxd5 8. exd5 Nb8 9. c4 a6 10. Nc3 Be7 11. Bd3 0-0 12. 0-0 f5 13. f3 f4 14. Ne4 Nd7 15. Qc2 h6 16. Bd2 Rb8 17. Kh1 b6 18. b4 Bb7 19. Qb3 Kh8 20. a4 Nf6 21. Nxf6 Bxf6 22. Be4 Qe8 23. Be1 Qh5 24. Qd3 Bh4 25. Bxh4 Qxh4 26. Kg1 Qg5 27. Qe2 Rfc8 28. Rfc1 a5 29. bxa5 bxa5 30. Qd2 Ba6 31. Qxa5 Bxc4 32. Qd2 Rc5 33. Rcb1 Qd8 34. Rxb8 Qxb8 35. Rb1 Qa7 36. Kh1 Rc8 37. Qb4 Qc7 38. Kg1 Qa7+ 39. Kh1 Qc7 40. Kg1 Qa7+ 41. Kh1 Ba2 42. Ra1 Qe3 43. h3 1/2-1/2